<?xml version="1.0" encoding="UTF-8"?>
<resp>
  <nextPage>https://data.bn.org.pl/api/networks/bibs.marcxml?marc=001+b0000002211657&amp;sinceId=2211658</nextPage>
  <collection>
    <record xmlns='http://www.loc.gov/MARC21/slim'><leader>01507nam a2200397 i 4500</leader><controlfield tag='001'>b0000002211657</controlfield><controlfield tag='005'>20241203220230.8</controlfield><controlfield tag='008'>050120s1930    pl a         |000 0 ukro </controlfield><controlfield tag='009'>9910054345305606</controlfield><datafield ind1=' ' ind2=' ' tag='015'><subfield code='a'>BP 76678</subfield></datafield><datafield ind1=' ' ind2=' ' tag='035'><subfield code='a'>991044543399705066</subfield></datafield><datafield ind1=' ' ind2=' ' tag='035'><subfield code='a'>(PL-WaBN)b22116576-48omnis_nlop</subfield></datafield><datafield ind1=' ' ind2=' ' tag='035'><subfield code='a'>b22116576</subfield></datafield><datafield ind1=' ' ind2=' ' tag='035'><subfield code='a'>(OCoLC)835976227</subfield></datafield><datafield ind1=' ' ind2=' ' tag='035'><subfield code='a'>(PL)b0000002211657</subfield></datafield><datafield ind1=' ' ind2=' ' tag='040'><subfield code='a'>WA N</subfield><subfield code='c'>WA N</subfield><subfield code='d'>WA N</subfield></datafield><datafield ind1='1' ind2=' ' tag='100'><subfield code='a'>Gross, Józef Wenanty</subfield></datafield><datafield ind1='1' ind2='0' tag='245'><subfield code='a'>Domovij veterinar :</subfield><subfield code='b'>uderžannâ zdorovogo ìnventara ê pìdstavoû dobrobutu v gospodarstvì /</subfield><subfield code='c'>per. brošuri „Domovij veterinar&quot; čerez I. Grossa.</subfield></datafield><datafield ind1=' ' ind2=' ' tag='260'><subfield code='a'>Bidgoŝ :</subfield><subfield code='b'>Fabrika Chem. Farm. „Sanator&quot;,</subfield><subfield code='c'>1930</subfield><subfield code='e'>(Peremišl&apos; :</subfield><subfield code='f'>Druk. Pospìšna).</subfield></datafield><datafield ind1=' ' ind2=' ' tag='300'><subfield code='a'>42 s. :</subfield><subfield code='b'>il. ;</subfield><subfield code='c'>17 cm.</subfield></datafield><datafield ind1=' ' ind2=' ' tag='336'><subfield code='a'>Tekst</subfield><subfield code='b'>txt</subfield><subfield code='2'>rdacontent</subfield></datafield><datafield ind1=' ' ind2=' ' tag='337'><subfield code='a'>Bez urządzenia pośredniczącego</subfield><subfield code='b'>n</subfield><subfield code='2'>rdamedia</subfield></datafield><datafield ind1=' ' ind2=' ' tag='338'><subfield code='a'>Wolumin</subfield><subfield code='b'>nc</subfield><subfield code='2'>rdacarrier</subfield></datafield><datafield ind1=' ' ind2=' ' tag='380'><subfield code='a'>Książki</subfield></datafield><datafield ind1=' ' ind2=' ' tag='500'><subfield code='a'>Knižočku cû vidano tìl&apos;ki v tìj cìli, ščobi v naglih vipadkah ì braku veterinara možna sobì pomogti...</subfield></datafield><datafield ind1='4' ind2=' ' tag='510'><subfield code='a'>BP 1901-1939</subfield><subfield code='c'>t. 10.</subfield></datafield><datafield ind1=' ' ind2=' ' tag='852'><subfield code='b'>48OMNIS_NETWORK</subfield><subfield code='8'>9910054345305606</subfield></datafield><datafield ind1=' ' ind2=' ' tag='852'><subfield code='b'>48OMNIS_NLOP</subfield><subfield code='8'>991044543399705066</subfield></datafield><datafield ind1=' ' ind2=' ' tag='852'><subfield code='8'>22529753990005066</subfield><subfield code='j'>1</subfield><subfield code='h'>545.635</subfield><subfield code='b'>BN_PL</subfield><subfield code='p'>777i31087772</subfield><subfield code='c'>bk8</subfield></datafield><datafield ind1=' ' ind2=' ' tag='852'><subfield code='8'>22529753970005066</subfield><subfield code='j'>1</subfield><subfield code='h'>216.108</subfield><subfield code='b'>BN_PL</subfield><subfield code='p'>30001011575250</subfield><subfield code='c'>bk7</subfield></datafield></record>
  </collection>
</resp>
